Die of Death Killers - Statistics

General Stats
  • This quiz has been taken 43 times
  • The average score is 5 of 5
Answer Stats
Picture Answer % Correct
Artful
100%
Badware
100%
Pursuer
97%
Killdroid
94%
Harken
91%
No matching quizzes found
Score Distribution
Percent of People with Each Score
Percentile by Number Answered
Your Score History
You have not taken this quiz